000 00536nam a2200157Ia 4500
003 IN-BaIIA
008 211028s9999 xx 000 0 eng d
040 _cIIA Library
080 _a084.4:52
_bSCH
100 _aSchonfeld, F.
_91082
245 0 _aAtlas Der Himmelszone Zurichen 1 degree Und 23 degrees Sudlicher Declination Furden Anfang Des Jahres 1855(in German)
_cF. Schonfeld
260 _aBoon
_c1887
650 _aAstronomy and Astrophysics Thesaurus
650 _aAtlas
942 _cBK
999 _c470
_d470